000 00619nam a22001817a 4500
008 161202b xxu||||| |||| 00| 0 eng d
020 _a0816308136
082 _22002
_aDRef 613.07
_bH22f
100 _918035
_aHardinge, Mervyn G.
245 _aFamily medical guide to health & fitness/
_cMervyn G. Hardinge and Harold Shryock.
260 _aOshawa:
_bPacific Press Pub.,
_cc2002.
300 _axvii, 64 pages:
_bcolor illustrations,
_c26 cm.
500 _aIncludes glossary and index.
650 0 _918036
_aMedical guide
650 0 _918037
_aHealth
700 _918038
_aShryock, Harold
_eAuthor
942 _2ddc
_cDREF
999 _c5944
_d5944